Records of the Scotland rugby union team. - Statistics

General Stats
  • This quiz has been taken 24 times
  • The average score is 7 of 11
Answer Stats
Answer % Correct
England
95%
Chris Paterson
81%
South Africa
81%
Stuart Hogg
76%
3 Grand Slam
71%
Gregor Townsend
71%
Ross Ford
71%
Greg Laidlaw
67%
Japan
62%
Dan Parks
43%
22 Six Nations
29%
No matching quizzes found
Score Distribution
Percent of People with Each Score
Percentile by Number Answered
Your Score History
You have not taken this quiz